Death of a Salesman (Record no. 22121)

MARC details
000 -LEADER
fixed length control field 00638nam a22002417a 4500
003 - CONTROL NUMBER IDENTIFIER
control field IBSLLIB
005 - DATE AND TIME OF LATEST TRANSACTION
control field 20260513070852.0
008 - FIXED-LENGTH DATA ELEMENTS--GENERAL INFORMATION
fixed length control field 260513b |||||||| |||| 00| 0 eng d
040 ## - CATALOGING SOURCE
Original cataloging agency IBSLLIB
Language of cataloging English
041 ## - LANGUAGE CODE
Language code of original Eng
082 ## - DEWEY DECIMAL CLASSIFICATION NUMBER
Classification number 812.5
Item number MIL
100 ## - MAIN ENTRY--PERSONAL NAME
Personal name Miller , Arthur
245 ## - TITLE STATEMENT
Title Death of a Salesman
260 ## - PUBLICATION, DISTRIBUTION, ETC. (IMPRINT)
Place of publication, distribution, etc. Delhi :
Name of publisher, distributor, etc. Arnold Heinemann ,
Date of publication, distribution, etc. 1949
300 ## - PHYSICAL DESCRIPTION
Extent 157 p ;
Dimensions 19 cm
505 ## - FORMATTED CONTENTS NOTE
Formatted contents note List of Characters
505 ## - FORMATTED CONTENTS NOTE
Formatted contents note Death Of A Salesman
650 ## - SUBJECT ADDED ENTRY--TOPICAL TERM
Topical term or geographic name as entry element American literature in english
650 ## - SUBJECT ADDED ENTRY--TOPICAL TERM
Topical term or geographic name as entry element American drama in English
653 ## - INDEX TERM--UNCONTROLLED
Uncontrolled term Saleman
700 ## - ADDED ENTRY--PERSONAL NAME
Personal name Pradhan N.S.
Relator term Introduction
942 ## - ADDED ENTRY ELEMENTS (KOHA)
Koha item type Lending Book
Holdings
Withdrawn status Lost status Damaged status Not for loan Collection code Permanent Location Current Location Shelving location Date acquired Source of acquisition Inventory number Full call number Barcode Koha item type
        Lending Collection IBSL Library IBSL Library Lending Section 30/04/2026 Donation 10875 812.5 MIL 10875 Lending Book
Copyright © 2024 IBSL Library, All rights reserved.
mail to: library@ibsl.lk | Contact: 0112425735 | Library Address: IBSL Library, 80A, Elvitigala Mawatha, Colombo 008